Räumliche Wirkungen der Globalisierung in Deutschland (Record no. 4271)
[ view plain ]
| 000 -LEADER | |
|---|---|
| fixed length control field | 00477nam a22002057i 4500 |
| 001 - CONTROL NUMBER | |
| control field | 4349 |
| 003 - CONTROL NUMBER IDENTIFIER | |
| control field | OSt |
| 005 - DATE AND TIME OF LATEST TRANSACTION | |
| control field | 20170126082333.0 |
| 007 - PHYSICAL DESCRIPTION FIXED FIELD--GENERAL INFORMATION | |
| fixed length control field | tu |
| 008 - FIXED-LENGTH DATA ELEMENTS--GENERAL INFORMATION | |
| fixed length control field | 161220s1999 xxu||||| |||| 00| 0 d |
| 024 7# - OTHER STANDARD IDENTIFIER | |
| Standard number or code | 4348 |
| Source of number or code | RID |
| 040 ## - CATALOGING SOURCE | |
| Transcribing agency | OSt |
| 084 ## - OTHER CLASSIFICATION NUMBER | |
| Classification number | 11.7 |
| Number source | z |
| 100 1# - MAIN ENTRY--PERSONAL NAME | |
| Personal name | Lammers, Konrad |
| 245 00 - TITLE STATEMENT | |
| Title | Räumliche Wirkungen der Globalisierung in Deutschland |
| 260 ## - PUBLICATION, DISTRIBUTION, ETC. | |
| Place of publication, distribution, etc. | Hamburg, |
| Date of publication, distribution, etc. | 1999. |
| 300 ## - PHYSICAL DESCRIPTION | |
| Extent | 29 S. ; |
| Dimensions | 30cm. |
| 490 ## - SERIES STATEMENT | |
| Series statement | HWWA-Diskussionspapier |
| Volume/sequential designation | 74 |
| 651 ## - SUBJECT ADDED ENTRY--GEOGRAPHIC NAME | |
| Geographic name | Germany |
| 942 ## - ADDED ENTRY ELEMENTS (KOHA) | |
| Koha item type | Book |
| Withdrawn status | Lost status | Damaged status | Not for loan | Home library | Current library | Shelving location | Date acquired | Inventory number | Total Checkouts | Full call number | Barcode | Date last seen | Price effective from | Koha item type |
|---|---|---|---|---|---|---|---|---|---|---|---|---|---|---|
| WIIW | WIIW | Library | 07/28/1999 | 4349 | II-6.122/74 | 304347 | 01/26/2017 | 01/26/2017 | Book |
